00912nam a2200253 a 450000100100000000500170001000800410002702000150006804000250008304100380010808200210014610000160016724000450018324500890022825000110031726000340032830000210036249000290038350400660041250000690047853400550054770000270060283000290062900002539420200930023745.0100702s1985 sp a r 000 |aspa d a8425314097 aDO-SdBNPbspacBNPHU aspaheng2Código de idioma MARC axxxbB525i, 19851 aBerne, Eric 0aPrinciples of group treatmentlEspañol10aIntroducción al tratamiento de grupo /cEric Berne; traducción Marta Guastavino. a2a ed. aBarcelona :bGrijalbo,c1985. a413 p. ;c18 cm.1 aAutoayuda y Superación aIncluye referencias bibliográficas al pie de las páginas. aIncluye referencias bibliográficas al final de los capítulos aTítulo original :tPrinciples of group treatment1 aGuastavino, Martaetr. 0aAutoayuda y Superación